|
|
|
|
| LEADER |
00000nab a2200000 a 4500 |
| 001 |
vtls001501393 |
| 003 |
SK-MaSNL |
| 005 |
20260304210404.0 |
| 008 |
050224s1996 xo 000 0 slo |
| 035 |
|
|
|a SPKCL4077
|
| 040 |
|
|
|a SPKCL
|b slo
|c SNKBUCL
|d ÚIP-SPK(BH)
|e AACR2
|
| 041 |
|
|
|a slo
|
| 044 |
|
|
|a xo
|c SK
|
| 080 |
|
|
|a 613.83:178.8:615.851
|2 1981
|
| 100 |
1 |
|
|a Nešpor, Karel,
|d 1952-
|4 aut
|9 100459
|
| 245 |
1 |
0 |
|a Léčba a prevence závislostí
|c Karel Nešpor; Ladislav Csémy
|
| 520 |
|
|
|a Koncepcia problémov spôsobených návykovými látkami. Prevencia problémov spôsobených návykovými látkami prevádzaná Svetovou zravotníckou organizáciou. Účinnosť prevencie, peer programy, prehľad stratégii. Zásady prevencie v rodine.
|
| 700 |
1 |
1 |
|a Csémy, Ladislav,
|d 1956-
|4 aut
|9 234557
|
| 773 |
1 |
|
|t Závislosť
|g Roč. 4, č. 11 (1996) s. 32-33
|
| 850 |
|
|
|a Slovenská pedagogická knižnica Bratislava
|
| 852 |
|
|
|a SPKCL
|b KIS3GCP
|b 000710000
|n SK
|
| 999 |
|
|
|c 3125867
|d 3127797
|